Central Library OPAC University of Rajshahi

A short history of the near East from the founding of Constantinople (330, A. D. to 1922) / (Record no. 26379)

MARC details
000 -LEADER
fixed length control field 00821cam a2200265u 4500
001 - CONTROL NUMBER
control field 26379
003 - CONTROL NUMBER IDENTIFIER
rucl marc code BD-RjUL
005 - DATE AND TIME OF LATEST TRANSACTION
control field 20211209051017.0
008 - FIXED-LENGTH DATA ELEMENTS--GENERAL INFORMATION
fixed length control field 140322r19581922nyuab 001 0 eng d
035 ## - SYSTEM CONTROL NUMBER
System control number (BD-RjUL)26449
040 ## - CATALOGING SOURCE
Original cataloging agency DLC
Transcribing agency CarP
Modifying agency DLC
-- BD-RjUL
Language of cataloging eng
041 ## - LANGUAGE CODE
Language code of text/sound track or separate title eng
082 ## - DEWEY DECIMAL CLASSIFICATION NUMBER
Classification number 956
Author mark and year DAS 1958
100 1# - MAIN ENTRY--PERSONAL NAME
Personal name Davis, William Stearns,
Dates associated with a name 1877-1930.
9 (RLIN) 81112
245 02 - TITLE STATEMENT
Title A short history of the near East from the founding of Constantinople (330, A. D. to 1922) /
Statement of responsibility, etc. William Stearns Davis,
260 ## - PUBLICATION, DISTRIBUTION, ETC. (IMPRINT)
Place of publication, distribution, etc. New York :
Name of publisher, distributor, etc. The Macmillan company,
Date of publication, distribution, etc. 1922. [Printed 1958]
300 ## - PHYSICAL DESCRIPTION
Pagination xvii ,408 p. :
Illustrations ill. ;
Size 22 cm.
504 ## - BIBLIOGRAPHY, ETC. NOTE
Bibliography, etc Includes Index
650 #0 - SUBJECT ADDED ENTRY--TOPICAL TERM
Topical term or geographic name as entry element Islam.
9 (RLIN) 81113
651 #0 - SUBJECT ADDED ENTRY--GEOGRAPHIC NAME
Geographic name Turkey
General subdivision History.
9 (RLIN) 81114
942 ## - ADDED ENTRY ELEMENTS (KOHA)
Source of classification or shelving scheme Dewey Decimal Classification
Koha item type Books
Holdings
Lost status Source of classification or shelving scheme Damaged status Not for loan Collection code Permanent Location Current Location Shelving location Date acquired Source of acquisition Cost, normal purchase price Total Checkouts Full call number Date last seen Copy number Koha item type
  Dewey Decimal Classification     Non-fiction Central Library, University of Rajshahi Central Library, University of Rajshahi   14/02/1965 Zeitlinger 47.00   956 DAS 1958 22/03/2014 C-5 Books
  Dewey Decimal Classification     Non-fiction Central Library, University of Rajshahi Central Library, University of Rajshahi   14/02/1965 Zeitlinger 47.00   956 DAS 1956 22/03/2014 C-4 Books
  Dewey Decimal Classification     Non-fiction Central Library, University of Rajshahi Central Library, University of Rajshahi   23/11/1966 Q.I . Qurashi 24.00   956 DAS 1949 22/03/2014 C-2 Books
  Dewey Decimal Classification     Non-fiction Central Library, University of Rajshahi Central Library, University of Rajshahi   14/02/1963 Zeitlinger 24.00   956 DAS 1949 22/03/2014 C-3 Books
  Dewey Decimal Classification   Added to bundle Non-fiction Central Library, University of Rajshahi Central Library, University of Rajshahi Reading Room 14/02/1963 Zeitlinger 24.00   956 DAS 1958 22/03/2014 C-1 Books
  Dewey Decimal Classification     Non-fiction Central Library, University of Rajshahi Central Library, University of Rajshahi   14/02/1963 Zeetlinger 24.00   956 DAS 1958 08/11/2016 C-6 Books